01724nam a2200409Ia 4500001001200000003000800012006001900020007001500039008004100054010001700095020001500112020001500127040002100142035002100163050002600184082001800210100002000228245014300248250001200391260004300403300001100446490007100457504006600528533015200594650005200746650003100798650004600829650003000875650004500905650002300950651008000973655002901053710001701082830007201099856012601171999001701297ebr10150389CaPaEBRm u cr cn|||||||||060117s2006 nyu sb 001 0 eng d z 2006041590 z1403983607 z1403975256 aCaPaEBRcCaPaEBR a(OCoLC)56796497614aDS559.46b.R68 2006eb04a070.4/3332221 aRoselle, Laura.10aMedia and the politics of failureh[electronic resource] :bgreat powers, communication strategies, and military defeats /cLaura Roselle. a1st ed. aNew York :bPalgrave Macmillan,c2006. a190 p.1 aPalgrave Macmillan series in international political communication aIncludes bibliographical references (p. [173]-181) and index. aElectronic reproduction.bPalo Alto, Calif. :cebrary,d2009.nAvailable via World Wide Web.nAccess may be limited to ebrary affiliated libraries. 0aVietnam War, 1961-1975xMass media and the war. 0aMass mediazUnited States. 0aCommunication in politicszUnited States. 0aMass mediazSoviet Union. 0aCommunication in politicszSoviet Union. 0aWar in mass media. 0aAfghanistanxHistoryySoviet occupation, 1979-1989xMass media and the war. 7aElectronic books.2local2 aebrary, Inc. 0aPalgrave Macmillan series in international political communication.40uhttp://site.ebrary.com/lib/rucke/Doc?id=10150389zAn electronic book accessible through the World Wide Web; click to view c94587d94587